| 000 | 01199nam a22002651a 4500 | ||
|---|---|---|---|
| 001 | 18409 | ||
| 003 | OSt | ||
| 005 | 20260204212404.0 | ||
| 008 | 171120s2017||||dr ||||||b||||||||||spa|| | ||
| 090 | _aM-OR 2017 R39 | ||
| 100 | 1 |
_aReyes Sánchez,Wendy _esustentante |
|
| 245 | 1 | _aPrevención de conflicto y manejo conductual en el Liceo Prof. Juan Bosch, en el Distrito Educativo 16-01 de Cotuí, en el año escolar 2016-2017/ Wendy Reyes Sánchez, et al. | |
| 260 |
_aCotuí, República Dominicana : _bUTECO, _c2016 |
||
| 300 |
_a 93 hojas : _bIlustraciones ; _c28cm. |
||
| 502 | _aTrabajo de grado (Licenciatura en Educación, Mención Orientación Escolar)--Universidad Tecnológica del Cibao Oriental, 2017 | ||
| 504 | _aIncluye referencia bibliográfica e índice | ||
| 650 | 4 | _aPrevención de conflicto y manejo conductual | |
| 700 | 1 |
_a Reyes Sánchez, Wendy _esustentante |
|
| 700 | 1 |
_a Ventura C, Alcadia _esustentante |
|
| 700 | 1 |
_aEugenia Rodríguez V. _esustentante |
|
| 700 | 1 |
_aAlejandrina de Jesús _esustentante |
|
| 700 | 1 |
_aFior D' Aliza Baez Contreras _easesor |
|
| 830 | _aTesis y disertaciones académicas (Universidad Tecnológica del Cibao Oriental) | ||
| 942 |
_2LC _cTH |
||
| 999 |
_c18409 _d18409 |
||